Top Transfer of a German Footballer Every Year Since 1995 - Statistics

General Stats
  • This quiz has been taken 171 times
    75 since last reset
  • The average score is 17 of 31
Answer Stats
Season Fee From To Answer % Correct
2025/26 €125.00m Bayer Leverkusen Liverpool Florian Wirtz
100%
2023/24 €75.00m Chelsea Arsenal Kai Havertz
96%
2020/21 €80.00m Bayer Leverkusen Chelsea Kai Havertz
96%
2013/14 €47.00m Real Madrid Arsenal Mesut Özil
90%
2010/11 €18.00m Werder Bremen Real Madrid Mesut Özil
90%
2016/17 €52.00m Schalke 04 Manchester City Leroy Sané
85%
2017/18 €35.00m AS Roma Chelsea Antonio Rüdiger
81%
2014/15 €32.00m Chelsea Vfl Wolfsburg André Schürrle
75%
2011/12 €30.00m Schalke 04 Bayern Munich Manuel Neuer
75%
2015/16 €43.00m Schalke 04 Vfl Wolfsburg Julian Draxler
73%
2012/13 €17.10m Bor. Monchengladbach Borussia Dortmund Marco Reus
73%
2009/10 €30.00m Vfb Stuttgart Bayern Munich Mario Gómez
72%
2019/20 €25.00m Bayer Leverkusen Borussia Dortmund Julian Brandt
63%
2022/23 €30.00m RB Salzburg Borussia Dortmund Karim Adeyemi
61%
2006/07 €10.00m FC Köln Bayern Munich Lukas Podolski
61%
2018/19 €37.00m Schalke 04 Paris Saint-Germain Thilo Kehrer
61%
2007/08 €15.00m Werder Bremen Bayern Munich Miroslav Klose
60%
2003/04 €3.50m Borussia Dortmund Arsenal Jens Lehmann
51%
1999/00 €12.00m Newcastle United Liverpool Dietmar Hamann
43%
2024/25 €31.50m Mainz 05 Brighton and Hove Albion Brajan Gruda
42%
2021/22 €15.00m AS Monaco RB Leipzig Benjamin Henrichs
40%
2005/06 €6.90m Vfb Stuttgart Schalke 04 Kevin Kuranyi
28%
2001/02 €6.50m Liverpool Tottenham Hotspur Christian Ziege
24%
2000/01 €9.00m Middlesbrough Liverpool Christian Ziege
24%
1997/98 €5.13m Bayern Munich AC Milan Christian Ziege
24%
2004/05 €9.25m Borussia Dortmund Bayern Munich Torsten Frings
18%
1998/99 €12.60m Borussia Dortmund Fiorentina Jörg Heinrich
16%
2002/03 €9.00m Hertha Berlin Bayern Munich Sebastian Deisler
13%
1995/96 €5.50m Bor. Monchengladbach Borussia Dortmund Heiko Herrlich
9%
1996/97 €4.20m Hamburg SV Rangers Jörg Albertz
7%
2008/09 €8.50m Brescia West Ham United Savio Nsereko
6%
No matching quizzes found
Score Distribution
Percent of People with Each Score
Percentile by Number Answered
Your Score History
You have not taken this quiz since the last reset